书目信息 |
| 题名: |
药物化学
|
|
| 作者: | 叶发青 , 李飞 主编 | |
| 分册: | ||
| 出版信息: | 武汉 华中科技大学出版社 2019.08 |
|
| 页数: | 414页 | |
| 开本: | 28cm | |
| 丛书名: | 全国高等院校药学类创新型系列“十三五”规划教材 | |
| 单 册: | ||
| 中图分类: | R914 | |
| 科图分类: | ||
| 主题词: | 药物化学--yao wu hua xue--高等学校--教材 | |
| 电子资源: | ||
| ISBN: | 978-7-5680-5526-0 | |
| 000 | 01204nam 2200289 450 | |
| 001 | 202020139205 | |
| 005 | 20200926181346.0 | |
| 010 | @a978-7-5680-5526-0@dCNY72.00 | |
| 100 | @a20200916d2019 em y0chiy50 ea | |
| 101 | 0 | @achi |
| 102 | @aCN@b420000 | |
| 105 | @aa a 000yy | |
| 106 | @ar | |
| 200 | 1 | @a药物化学@Ayao wu hua xue@f主编叶发青, 李飞 |
| 210 | @a武汉@c华中科技大学出版社@d2019.08 | |
| 215 | @a414页@c图@d28cm | |
| 225 | 2 | @a全国高等院校药学类创新型系列“十三五”规划教材@Aquan guo gao deng yuan xiao yao xue lei chuang xin xing xi lie “ shi san wu ” gui hua jiao cai |
| 320 | @a有书目 | |
| 330 | @a本书内容包括绪论、中枢神经系统药物、外周神经系统药物、循环系统药物、消化系统药物等21章内容。在内容和编写等方面坚持实用原则, 在章节安排上与国内现行的执业药师制度接轨, 突出针对性、新颖性、特色性和实用性。 | |
| 333 | @a供药学、药物制剂、临床药学、制药工程、中药学、医药营销及相关专业使用 | |
| 410 | 0 | @12001 @a全国高等院校药学类创新型系列“十三五”规划教材 |
| 606 | 0 | @a药物化学@Ayao wu hua xue@x高等学校@j教材 |
| 690 | @aR914@v5 | |
| 701 | 0 | @a叶发青@Aye fa qing@4主编 |
| 701 | 0 | @a李飞@Ali fei@4主编 |
| 801 | 0 | @aCN@c20190916 |
| 905 | @a河南城建学院图书馆@dR914@eY431 | |
| 药物化学/主编叶发青, 李飞.-武汉:华中科技大学出版社,2019.08 |
| 414页:图;28cm.-(全国高等院校药学类创新型系列“十三五”规划教材) |
| 使用对象:供药学、药物制剂、临床药学、制药工程、中药学、医药营销及相关专业使用 |
| ISBN 978-7-5680-5526-0:CNY72.00 |
| 本书内容包括绪论、中枢神经系统药物、外周神经系统药物、循环系统药物、消化系统药物等21章内容。在内容和编写等方面坚持实用原则, 在章节安排上与国内现行的执业药师制度接轨, 突出针对性、新颖性、特色性和实用性。 |
| ● |
| 相关链接 |
|
|
|
正题名:药物化学
索取号:R914/Y431
 
预约/预借
| 序号 | 登录号 | 条形码 | 馆藏地/架位号 | 状态 | 备注 |
| 1 | 1488665 | 214886658 | 自科库401/401自科库 22排3列3层/ [索取号:R914/Y431] | 在馆 | |
| 2 | 1488666 | 214886667 | 自科库401/401自科库 22排3列3层/ [索取号:R914/Y431] | 在馆 |